|
|
|
|
| LEADER |
00000cam a2200000 7i4500 |
| 001 |
0000001342 |
| 005 |
20140503.0 |
| 020 |
0 |
0 |
|a 0471901075
|
| 090 |
0 |
0 |
|a 581.70913
|b VIC 1984
|
| 100 |
1 |
0 |
|a VICKERY
|h Margaret L.
|
| 245 |
1 |
0 |
|a Ecology of tropical plants
|c Margaret L. Vickery
|
| 260 |
0 |
0 |
|a Chichester :
|b J. Wiley ,
|c 1984
|
| 300 |
|
|
|a vii, 170 p. :
|b ill. ;
|c 24 cm.
|
| 500 |
0 |
0 |
|a Includes bibliogaphical references and index
|
| 650 |
0 |
0 |
|a Botany
|x Tropics
|x Ecology
|
| 650 |
0 |
0 |
|a Tropical plants
|x Ecology
|
| 998 |
|
|
|a JPSM
|
| 999 |
|
|
|a 0000002407
|b Monograph
|c Open Shelf
|e Default branch
|